| 000 | 00740 a2200289 4500 | ||
|---|---|---|---|
| 260 | _aParis | ||
| 630 | _a65 - Gestion et organisation de lindustrie, du commerce, de la communication et des transports | ||
| 037 | _b4, Achat | ||
| 650 | _a6 - SCIENCES APPLIQUEES | ||
| 100 | _aGarnier, Pierre | ||
| 260 | _bDunod | ||
| 245 | _aLa technique comptable approfondie et les comptabilités spéciales | ||
| 300 | _a491 p | ||
| 650 | _aTechnique : comptabilité | ||
| 260 | _c1972 | ||
| 300 | _b24 cm | ||
| 100 | _lFr | ||
| 440 | _aDunod entreprise | ||
| 037 | _aDE 60172 | ||
| 037 | _aDE 60173 | ||
| 037 | _aDE 21057 | ||
| 037 | _aDE 60174 | ||
| 250 | _a2è éd | ||
| 020 | _a2-04-005567-3 | ||
| 999 |
_c33408 _d33408 |
||